| 000 | 01241nabaa22002417a 4500 | ||
|---|---|---|---|
| 999 |
_c6156 _d6156 |
||
| 003 | OSt | ||
| 005 | 20260123195703.0 | ||
| 008 | 190701b xxu||||| |||| 00| 0 spa d | ||
| 040 | _cPJ | ||
| 100 |
_96906 _aEguinoa, María Rosario |
||
| 245 | 1 | 3 |
_aLos desafíos de instruir sumarios administrativos en supuestos de violencia de género ejercida en el ámbito laboral / _cMaría Rosario Eguinoa. |
| 300 | _ap. 99-108 | ||
| 500 | _aCita: TR LALEY AR/DOC/3187/2023 | ||
| 505 | _aSumario: I. Introducción.— II. Potestad disciplinaria.— III. La recepción de las problemáticas de género en la Administración pública nacional.— IV. Breve repaso sobre los principales conceptos normativos.— V. Propuestas prácticas frente a un desafío real.— VI. Reflexión final. | ||
| 505 | _t¿Te interesa el texto completo? Comunicate al correo: koha@justierradelfuego.gov.ar | ||
| 650 | 0 |
_9211 _aDERECHO ADMINISTRATIVO |
|
| 650 | 0 |
_9877 _aADMINISTRACION PUBLICA |
|
| 650 | 0 |
_9938 _aEMPLEO PUBLICO |
|
| 650 | 0 |
_92019 _aSUMARIO ADMINISTRATIVO |
|
| 650 | 0 |
_93053 _aVIOLENCIA DE GÉNERO |
|
| 773 | 0 |
_02842 _93251 _dBuenos Aires : AbeledoPerrot, 2012- _oDA121 _tDerecho administrativo. Nº 151 enero/febrero 2024 _z18510590 |
|
| 942 |
_2udc _cANA |
||